| 000 | 01205cam a22003377a 4500 | ||
|---|---|---|---|
| 003 | CHAP | ||
| 005 | 20220329133307.0 | ||
| 008 | 971013d1988 mx a r 00010 SPA d | ||
| 010 | _a4456 | ||
| 011 | _a5428 | ||
| 035 | _a4635 | ||
| 040 | _cCHAP | ||
| 082 | 0 | 4 |
_a633.71 _bT3 |
| 110 | 2 |
_aTabacos Mexicanos, S. A. de C. V. _9111261 |
|
| 245 | 1 | 0 |
_aHistoria y cultura del Tabaco en México _c/por Tabacos Mexicanos |
| 260 |
_aMéxico, D.F. : _bTABAMEX, _c1988. |
||
| 300 |
_a293 p. _b: ilus |
||
| 590 |
_aBATCH-UPD _b10 _c20130109 _lUCH01 _h2327 |
||
| 590 |
_aBATCH-UPD _b10 _c20130110 _lUCH01 _h1807 |
||
| 590 |
_aBATCH-UPD _b10 _c20130409 _lUCH01 _h1852 |
||
| 590 |
_aBATCH-UPD _b10 _c20130410 _lUCH01 _h1142 |
||
| 590 |
_aBATCH-UPD _b10 _c20130914 _lUCH01 _h1826 |
||
| 590 |
_aCONVERSION _b10 _c20130109 _lUCH01 _h1304 |
||
| 650 | 1 | 4 |
_aTabaco _xMéxico. _9111230 |
| 700 | 0 |
_aAmerlinck, Maria Concepcion. _95318 |
|
| 710 | 0 |
_aMéxico. _bSecretaría de Agricultura y Recursos Hidráulicos _976864 |
|
| 901 | _aBK | ||
| 942 | _cLIBRO | ||
| 949 |
_a633.71 T3 _bBC _cLIBRO _d33724000663118 _eLIBRO _gI. 156450 _h79727 _i4635 _si _t150.00 |
||
| 949 |
_a633.71 T3 _bBC _cLIBRO _d33724000716916 _eLIBRO _fc.2 _gI. 195669 _h94659 _i4635 _si |
||
| 999 |
_c4456 _d4456 |
||